RYM: Top 100 Albums of All Time - Statistics

General Stats
  • This quiz has been taken 355 times
    236 since last reset
  • The average score is 59 of 100
Answer Stats
Artist Album % Correct
001. Kendrick Lamar To Pimp a Butterfly
96%
002. Radiohead OK Computer
95%
011. The Beatles Abbey Road
92%
003. Radiohead In Rainbows
92%
010. Pink Floyd The Dark Side of the Moon
92%
008. Radiohead Kid A
91%
005. Kendrick Lamar good kid, m.A.A.d city
87%
004. Pink Floyd Wish You Were Here
87%
006. Madvillain Madvillainy
86%
009. my bloody valentine loveless
85%
007. King Crimson In the Court of the Crimson King
82%
031. Tyler the Creator IGOR
81%
014. Nas Illmatic
80%
018. The Velvet Underground & Nico The Velvet Underground & Nico
78%
044. Frank Ocean Blonde
76%
027. Kanye West My Beautiful Dark Twisted Fantasy
76%
017. The Beatles Revolver
76%
024. Pink Floyd Animals
75%
032. The Beach Boys Pet Sounds
75%
036. Kanye West The College Dropout
75%
028. Fishmans LONG SEASON
73%
067. Nirvana Nevermind
73%
020. Björk Vespertine
73%
035. Neutral Milk Hotel In the Aeroplane Over the Sea
72%
073. Nirvana In Utero
72%
026. King Crimson Red
69%
012. Talking Heads Remain in Light
68%
030. Stevie Wonder Songs in the Key of Life
68%
038. Cocteau Twins Heaven or Las Vegas
67%
055. MF DOOM MM..FOOD
67%
037. Death Grips The Money Store
67%
039. The Smiths The Queen Is Dead
67%
065. Sufjan Stevens Illinois
65%
016. Godspeed You! Black Emperor Lift Yr. Skinny Fists Like Antennas to Heaven!
65%
022. Black Sabbath Paranoid
65%
083. Jeff Buckley Grace
64%
077. Kanye West Late Registration
64%
040. Slowdive Souvlaki
64%
041. The Microphones The Glow Pt. 2
64%
021. The Cure Disintegration
63%
029. Slint Spiderland
63%
056. Daft Punk Discovery
62%
070. J Dilla Donuts
61%
023. Miles Davis Kind of Blue
61%
097. Metallica Master of Puppets
61%
013. David Bowie The Rise and Fall of Ziggy Stardust and the Spiders From Mars
61%
048. Marvin Gaye What's Going On
61%
063. Have a Nice Life Deathconsciousness
60%
052. The Beatles The Beatles
60%
043. Danny Brown Atrocity Exhibition
59%
033. Portishead Dummy
59%
034. Nick Drake Pink Moon
59%
042. The Beatles Sgt. Pepper's Lonely Hearts Club Band
59%
071. Led Zeppelin Led Zeppelin IV
58%
057. David Bowie
57%
081. Nine Inch Nails The Downward Spiral
57%
019. John Coltrane A Love Supreme
56%
075. The Doors The Doors
56%
046. Joy Division Unknown Pleasures
56%
076. Black Country, New Road Ants From Up There
55%
054. Kate Bush Hounds of Love
55%
072. The Jimi Hendrix Experience Electric Ladyland
54%
025. Wu-Tang Clan Enter the Wu-Tang (36 Chambers)
53%
047. Björk Homogenic
53%
060. David Bowie Low
53%
049. A Tribe Called Quest The Low End Theory
53%
086. Massive Attack Mezzanine
52%
015. Charles Mingus The Black Saint and the Sinner Lady
52%
053. Elliot Smith Either / Or
51%
068. Pixies Doolittle
50%
069. Swans Soundtracks for the Blind
50%
087. OutKast Aquemini
48%
062. Bob Dylan Highway 61 Revisited
48%
066. Television Marquee Moon
48%
059. Aphex Twin Selected Ambient Works 85-92
48%
061. Miles Davis Bitches Brew
47%
084. Metallica Ride the Lightning
47%
064. DJ Shadow Endtroducing.....
45%
089. Sufjan Stevens Carrie & Lowell
44%
050. Godspeed You! Black Emperor F♯ A♯ ∞
44%
099. Genius/GZA Liquid Swords
44%
096. The Avalanches Since I Left You
44%
092. The Jimi Hendrix Experience Are You Experienced
43%
078. David Bowie Station to Station
43%
058. Yes Close to the Edge
42%
100. The Cure Pornography
42%
080. Bob Dylan Blonde on Blonde
39%
082. Bob Dylan Blood on the Tracks
39%
088. Joy Dvision Closer
39%
091. A Tribe Called Quest Midnight Marauders
39%
074. Black Sabbath Master of Reality
37%
093. Sweet Trip Velocity : Design : Comfort
36%
094. Stevie Wonder Innervisions
35%
095. Leonard Cohen Songs of Leonard Cohen
30%
090. Death Symbolic
30%
045. Miles Davis In a Silent Way
28%
079. Talk Talk Laughing Stock
28%
085. Pharoah Sanders Karma
27%
051. Fishmans 98.12.28 Otokotachi no Wakare
19%
098. Milton Nascimento & Lô Borges Clube de Esquina
16%
No matching quizzes found
Score Distribution
Percent of People with Each Score
Percentile by Number Answered
Your Score History
You have not taken this quiz since the last reset